|
|
|
|
| LEADER |
00000nam2a2200000 4500 |
| 001 |
367564 |
| 005 |
20231102012008.0 |
| 035 |
|
|
|a (RuTPU)RU\TPU\retro\24927
|
| 035 |
|
|
|a RU\TPU\retro\24922
|
| 090 |
|
|
|a 367564
|
| 100 |
|
|
|a 20220316d1976 k y0rusy50 ca
|
| 101 |
0 |
|
|a rus
|
| 102 |
|
|
|a RU
|
| 105 |
|
|
|a a z 001zy
|
| 200 |
0 |
|
|a Химия и переработка топлив
|v Т. 31, вып. 1: Переработка топлив
|
| 210 |
|
|
|d 1976
|
| 215 |
|
|
|a 79 с.
|c ил.
|
| 320 |
|
|
|a Библиография в конце статей
|
| 461 |
|
1 |
|0 (RuTPU)RU\TPU\book\252879
|t Труды института горючих ископаемых
|f Академия наук СССР (АН СССР) ; под ред. А. Б. Чернышева , Н. Г. Титова
|v Т. 31, вып. 1: Переработка топлив
|d 1950-1978
|
| 606 |
1 |
|
|a Горючие ископаемые
|x Испытание
|2 stltpush
|3 (RuTPU)RU\TPU\subj\8322
|9 35764
|
| 606 |
1 |
|
|a Каменный уголь как топливо
|2 stltpush
|3 (RuTPU)RU\TPU\subj\33122
|9 55454
|
| 610 |
1 |
|
|a термоугли
|
| 610 |
1 |
|
|a математическое моделирование
|
| 610 |
1 |
|
|a автоматическое управление
|
| 610 |
1 |
|
|a производство
|
| 610 |
1 |
|
|a физико-химические свойства
|
| 610 |
1 |
|
|a бурый уголь
|
| 610 |
1 |
|
|a окисление
|
| 610 |
1 |
|
|a Ирша-Бородинский уголь
|
| 610 |
1 |
|
|a выгорающие частицы
|
| 610 |
1 |
|
|a динамика
|
| 610 |
1 |
|
|a высокие температуры
|
| 610 |
1 |
|
|a гомогенные процессы
|
| 610 |
1 |
|
|a толуол
|
| 610 |
1 |
|
|a вторичные реакции
|
| 610 |
1 |
|
|a дисперсный уголь
|
| 610 |
1 |
|
|a смерзание
|
| 675 |
|
|
|a 553.9
|v 3
|
| 675 |
|
|
|a 662.66
|v 3
|
| 702 |
|
1 |
|a Кричко
|b А. А.
|4 340
|
| 801 |
|
1 |
|a RU
|b 63413507
|c 20130206
|
| 801 |
|
2 |
|a RU
|b 63413507
|c 20220316
|g RCR
|
| 942 |
|
|
|c BK
|